| 000 | 00417nam a2200181Ia 4500 | ||
|---|---|---|---|
| 001 | 17723 | ||
| 005 | 20260306171538.0 | ||
| 008 | 260306s9999||||xx |||||||||||||| ||und|| | ||
| 041 | _aESP | ||
| 082 |
_a658.15 _bP48 |
||
| 100 |
_aKeown, Arthur J. _eAUT |
||
| 245 | 0 | _aIntroducción a las finanzas | |
| 260 | _c1999 | ||
| 300 |
_a672 páginas : _c |
||
| 650 | _aGEN | ||
| 654 | _aCAN | ||
| 942 |
_cLIB _dJUS _fJUS _2ddc _n |
||
| 999 |
_c17723 _d17723 |
||